000 01572cab a22003615a 4500
001 L146959
008 090318e20090314xxk f v 000 0 eng d
035 _a(Sirsi) u146959
041 0 _aeng
100 1 _aHumphrys, Emma
245 0 0 _aMistakes can prove fatal
260 _c2009
490 0 _aEstates Gazette
_v(0910) 14 March 2009, 106-107(2)
520 _aA mainly for students article which considers case law relating to serving and receiving statutory notices between landlord and tenant. Explains that there are many pitfalls waiting for the unwary and how to avoid them. Briefly explains why this matters and directs the student to further reading.
590 _aKA
650 2 4 _aLANDLORD AND TENANT ACT 1954
650 2 4 _aLAW OF PROPERTY ACT 1925
650 2 4 _aLEASEHOLD REFORM ACT 2002
650 2 4 _aLEASEHOLD REFORM, HOUSING AND URBAN DEVELOPMENT ACT 1993
650 2 4 _aMANNAI INVESTMENT CO LTD V EAGLE STAR LIFE ASSURANCE CO LTD UK
650 2 4 _aYORK V CASEY
650 2 4 _aSPEEDWELL ESTATES LTD AND ANOTHER V DALZIEL AND OTHERS
650 2 4 _aBURMAN V MOUNT COOK LAND LTD
650 2 4 _aFERNANDEZ V MCDONALD
650 2 4 _aANDREWS V CUNNINGHAM
650 2 4 _aGREEN V WESTLEIGH PROPERTIES LIMITS
650 2 4 _aKAY-GREEN V TWINSECTRA LTD
650 2 4 _aBROWN AND ROOT TECHNOLOGY LTD AND ANOTHER V SUN ALLIANCE AND LONDON ASSURANCE CO LTD
650 2 4 _aLOWER STREET PROPERTIES LTD V JONES
651 4 _aEngland and Wales
_y1543-
690 _aPROPERTY-COMMERCIAL PROPERTY-COMMERCIAL LANDLORD AND TENANT-COMMERCIAL LEASES
942 _n0
999 _c81339
_d81339